000 01317nam a2200337 a 4500
001 000112521
003 CHAP
005 20220329144310.0
008 160609s2016 mx sm |||||||spa d
010 _a108982
011 _a109954
040 _cCHAP
090 _aTesis
100 1 _aRodríguez Pineda, Norma Yocabet
_9130866
245 1 0 _aEstudio de factibilidad técnico-económico para el establecimiento de una empacadora y despulpadora de guayaba (Psidium guajava L.) ubicada en el municipio de Jungapeo, Michoacán
_h[En línea]
_cpor Norma Yocabet Rodríguez Pineda.
260 _aChapingo, Méx. :
_bEl autor,
_c2016.
500 _aPara ver el contenido del material haga clic en la liga
502 _aTesis (Ing. Agroindustrial) -- UACH. Departamento de Ingeniería Agroindustrial
590 _aE11695DGD
_b10
_c20160613
_lUCH01
_h1117
590 _aE5765TAJ
_b05
_c20160609
_lUCH01
_h0923
590 _aE5765TAJ
_b05
_c20160609
_lUCH01
_h0924
590 _aE5765TAJ
_b05
_c20160609
_lUCH01
_h1000
650 1 4 _aEmpacadoras
_xEvaluación.
_9127888
650 1 4 _aGuayaba
_xEmpaque.
_951048
650 1 4 _aGuayaba
_xMercadeo.
_951055
650 1 4 _aGuayaba
_xProcesado.
_951061
856 _aFinding aid
_uhttp://10.13.5.2/tesis/sist112521.pdf
_zTeclea aquí
901 _aBK
942 _cTESIS
942 _n0
999 _c108982
_d108982